[Event "Gdansk op"]
[Site "Gdansk"]
[Date "2009.07.23"]
[Round "6"]
[White "Murawski, Wieslaw"]
[Black "Kaszynski, Bartlomiej"]
[Result "1-0"]
[WhiteElo "2199"]
[BlackElo "2083"]
[PlyCount "89"]
[EventDate "2009.07.19"]
[EventType "swiss"]
[EventRounds "9"]
[EventCountry "POL"]
[SourceTitle "CBM 131 Extra"]
[Source "ChessBase"]
[SourceDate "2009.09.03"]
[SourceVersion "2"]
[SourceVersionDate "2009.09.16"]
[SourceQuality "1"]

1. e4 c5 2. Nf3 Nc6 3. d4 cxd4 4. Nxd4 Nf6 5. Nc3 e5 6. Ndb5 d6 7. Bg5 a6 8. Na3 b5 9. Bxf6 gxf6 10. Nd5 f5 11. exf5 Bxf5 12. c3 Bg7 13. Nc2 0-0 14. Nce3 Be6 15. Bd3 f5 16. 0-0 e4 17. Nf4 Bc8 18. Bc2 Kh8 19. Qd5 Qe8 20. a4 Rb8 21. f3 Be5 22. fxe4 fxe4 23. Qxe4 Rb7 24. axb5 axb5 25. Ra6 Rbf7 26. Ra8 Qd7 27. g3 Nd8 28. Raa1 Bxf4 29. Rxf4 Rxf4 30. gxf4 Rg8+ 31. Kf2 Ne6 32. f5 Ng5 33. Qd4+ Rg7 34. f6 Rf7 35. Rf1 Qe6 36. Ke2 Bb7 37. Qg4 Qe5 38. Qg3 Qxg3 39. hxg3 Bf3+ 40. Rxf3 Nxf3 41. Kxf3 Rxf6+ 42. Nf5 h6 43. Ke4 Re6+ 44. Kd5 Rg6 45. b4 1-0

[Event "Gdansk op"]
[Site "Gdansk"]
[Date "2009.07.20"]
[Round "4"]
[White "Murawski, Wieslaw"]
[Black "Bartkowiak, Damian"]
[Result "0-1"]
[WhiteElo "2199"]
[BlackElo "2106"]
[PlyCount "78"]
[EventDate "2009.07.19"]
[EventType "swiss"]
[EventRounds "9"]
[EventCountry "POL"]
[SourceTitle "CBM 131 Extra"]
[Source "ChessBase"]
[SourceDate "2009.09.03"]
[SourceVersion "2"]
[SourceVersionDate "2009.09.16"]
[SourceQuality "1"]

1. e4 c6 2. d4 d5 3. Nc3 dxe4 4. Nxe4 Bf5 5. Ng3 Bg6 6. h4 h6 7. Nf3 Nd7 8. h5 Bh7 9. Bd3 Bxd3 10. Qxd3 e6 11. Bf4 Qa5+ 12. Bd2 Qc7 13. 0-0-0 Ngf6 14. Ne4 0-0-0 15. g3 Nc5 16. Nxc5 Bxc5 17. Rh4 Bd6 18. Qe2 Kb8 19. c4 Ka8 20. c5 Be7 21. Ne5 Rhf8 22. Nc4 Nd5 23. Rg4 Bf6 24. Re4 b6 25. cxb6 axb6 26. Kb1 Ne7 27. Bf4 Qb7 28. Rd3 Nc8 29. Ra3+ Na7 30. Ree3 Be7 31. Rab3 b5 32. Re4 Rd5 33. Be3 Rg8 34. Qf3 f6 35. Bf4 Nc8 36. Rxe6 Qd7 37. Re4 bxc4 38. Rb8+ Ka7 39. Re3 Bd6 0-1

[Event "Gdansk op"]
[Site "Gdansk"]
[Date "2009.07.20"]
[Round "2"]
[White "Murawski, Wieslaw"]
[Black "Dobrowolski, Henryk"]
[Result "1-0"]
[WhiteElo "2199"]
[BlackElo "1935"]
[PlyCount "53"]
[EventDate "2009.07.19"]
[EventType "swiss"]
[EventRounds "9"]
[EventCountry "POL"]
[SourceTitle "CBM 131 Extra"]
[Source "ChessBase"]
[SourceDate "2009.09.03"]
[SourceVersion "2"]
[SourceVersionDate "2009.09.16"]
[SourceQuality "1"]

1. e4 e5 2. Nf3 Nc6 3. d4 exd4 4. Nxd4 d6 5. Nc3 Bd7 6. Be3 Nf6 7. f3 g6 8. Qd2 Bg7 9. h4 Nxd4 10. Bxd4 0-0 11. h5 Nxh5 12. Bxg7 Kxg7 13. g4 Qf6 14. gxh5 Qxf3 15. Qh2 g5 16. h6+ Kg8 17. Be2 Qf6 18. 0-0-0 Bc6 19. Qg3 Qe7 20. Bd3 a6 21. Rdf1 f6 22. Rf5 b5 23. Rhf1 Rf7 24. Qf2 Raf8 25. Nd5 Bxd5 26. exd5 Qd7 27. Be2 1-0

[Event "Chojnice op"]
[Site "Chojnice"]
[Date "2009.07.17"]
[Round "9"]
[White "Murawski, Wieslaw"]
[Black "Szczepaniec, Stanislaw"]
[Result "1-0"]
[WhiteElo "2199"]
[BlackElo "2136"]
[PlyCount "65"]
[EventDate "2009.07.11"]
[EventType "swiss"]
[EventRounds "9"]
[EventCountry "POL"]
[SourceTitle "CBM 131 Extra"]
[Source "ChessBase"]
[SourceDate "2009.09.03"]
[SourceVersion "2"]
[SourceVersionDate "2009.09.16"]
[SourceQuality "1"]

1. e4 c5 2. Nf3 Nc6 3. d4 cxd4 4. Nxd4 g6 5. c4 Bg7 6. Be3 Nf6 7. Nc3 d6 8. Be2 0-0 9. 0-0 a6 10. Qd2 Nxd4 11. Bxd4 Be6 12. Rac1 Qa5 13. f3 Rfc8 14. b3 b5 15. cxb5 axb5 16. Qb2 b4 17. Na4 Rxc1 18. Rxc1 Qg5 19. Bf1 Nxe4 20. Rc7 Bxd4+ 21. Qxd4 Nd2 22. Be2 Rc8 23. Rxc8+ Bxc8 24. f4 Nxb3 25. axb3 Qf5 26. Qxb4 Qb1+ 27. Kf2 Be6 28. Nc3 Qb2 29. Ne4 h5 30. Nd2 d5 31. Nf3 Qf6 32. Qb8+ Kg7 33. Qe5 1-0

[Event "Chojnice op"]
[Site "Chojnice"]
[Date "2009.07.15"]
[Round "6"]
[White "Murawski, Wieslaw"]
[Black "Szewczak, Andrzej"]
[Result "1/2-1/2"]
[WhiteElo "2199"]
[BlackElo "1945"]
[PlyCount "66"]
[EventDate "2009.07.11"]
[EventType "swiss"]
[EventRounds "9"]
[EventCountry "POL"]
[SourceTitle "CBM 131 Extra"]
[Source "ChessBase"]
[SourceDate "2009.09.03"]
[SourceVersion "2"]
[SourceVersionDate "2009.09.16"]
[SourceQuality "1"]

1. e4 e5 2. Nf3 Nc6 3. d4 exd4 4. Nxd4 Nge7 5. Nc3 Nxd4 6. Qxd4 Nc6 7. Qe3 Bb4 8. Bd2 d6 9. Qg3 0-0 10. Bd3 Ne5 11. 0-0 Nxd3 12. Qxd3 Bxc3 13. Bxc3 Bd7 14. f4 Bc6 15. Rae1 f6 16. Re3 Qd7 17. Rh3 h6 18. Rg3 Rf7 19. Re1 Re8 20. b3 f5 21. exf5 Rxe1+ 22. Bxe1 Qxf5 23. Qxf5 Rxf5 24. Bc3 Rf7 25. Bd4 b6 26. c4 Be4 27. a3 c5 28. Bb2 a5 29. Bc1 Rf8 30. Bd2 Bc2 31. b4 a4 32. Re3 Rd8 33. Kf2 Kf7 1/2-1/2

[Event "Chojnice op"]
[Site "Chojnice"]
[Date "2009.07.14"]
[Round "5"]
[White "Wisniewski, Adam"]
[Black "Murawski, Wieslaw"]
[Result "1/2-1/2"]
[WhiteElo "2099"]
[BlackElo "2199"]
[PlyCount "47"]
[EventDate "2009.07.11"]
[EventType "swiss"]
[EventRounds "9"]
[EventCountry "POL"]
[SourceTitle "CBM 131 Extra"]
[Source "ChessBase"]
[SourceDate "2009.09.03"]
[SourceVersion "2"]
[SourceVersionDate "2009.09.16"]
[SourceQuality "1"]

1. e4 e5 2. Nf3 Nc6 3. Bc4 Bc5 4. c3 Nf6 5. d3 a6 6. b4 Ba7 7. Bb3 d6 8. 0-0 0-0 9. Be3 Ne7 10. Nh4 Ng6 11. Nxg6 hxg6 12. Bg5 Qe8 13. Qf3 Nh7 14. Qg3 Be6 15. Be3 Bxb3 16. axb3 Qe6 17. Bxa7 Rxa7 18. Nd2 Nf6 19. Qh4 Nh5 20. g3 f5 21. f4 exf4 22. gxf4 Raa8 23. Rae1 Qf6 24. Qxf6 1/2-1/2

[Event "Chojnice op"]
[Site "Chojnice"]
[Date "2009.07.12"]
[Round "2"]
[White "Murawski, Wieslaw"]
[Black "Kiedrowicz, Jan"]
[Result "0-1"]
[WhiteElo "2199"]
[BlackElo "2312"]
[PlyCount "74"]
[EventDate "2009.07.11"]
[EventType "swiss"]
[EventRounds "9"]
[EventCountry "POL"]
[SourceTitle "CBM 131 Extra"]
[Source "ChessBase"]
[SourceDate "2009.09.03"]
[SourceVersion "2"]
[SourceVersionDate "2009.09.16"]
[SourceQuality "1"]

1. e4 e6 2. d4 d5 3. Nd2 dxe4 4. Nxe4 Bd7 5. Nf3 Bc6 6. Bd3 Nd7 7. 0-0 Ngf6 8. Ng3 Bxf3 9. Qxf3 c6 10. c4 Be7 11. b3 Qa5 12. Bb2 0-0 13. Rfe1 Rfe8 14. a3 Qc7 15. Rad1 Bd6 16. Bb1 Qa5 17. b4 Qc7 18. Bc3 Rad8 19. Kh1 b5 20. c5 Be7 21. Bd2 Nd5 22. Nh5 Nf8 23. Qg4 Ng6 24. Ba2 Nf6 25. Nxf6+ Bxf6 26. Bg5 Bxg5 27. Qxg5 a5 28. g3 Qa7 29. Re2 axb4 30. axb4 Re7 31. h4 Qa3 32. h5 Qf3+ 33. Kh2 Qxe2 34. Rd2 h6 35. hxg6 hxg5 36. Rxe2 Rxd4 37. gxf7+ Kxf7 0-1

[Event "Ketrzyn op-A 11th"]
[Site "Ketrzyn"]
[Date "2008.12.30"]
[Round "9.1"]
[White "Budrewicz, Krzysztof"]
[Black "Murawski, Wieslaw"]
[Result "1/2-1/2"]
[WhiteElo "2356"]
[BlackElo "2183"]
[PlyCount "43"]
[EventDate "2008.12.27"]
[EventType "swiss"]
[EventRounds "9"]
[EventCountry "POL"]
[SourceTitle "EXT 2023"]
[Source "ChessBase"]
[SourceDate "2022.10.05"]
[SourceVersion "1"]
[SourceVersionDate "2022.10.05"]
[SourceQuality "1"]

1. d4 Nf6 2. c4 g6 3. Nc3 Bg7 4. e4 0-0 5. Be2 d6 6. Bg5 c5 7. d5 h6 8. Be3 e6 9. Qd2 exd5 10. exd5 Kh7 11. h3 Re8 12. g4 a6 13. a4 Nbd7 14. Nf3 Ne5 15. Nxe5 Rxe5 16. 0-0 Ne4 17. Nxe4 Rxe4 18. Bd3 Re8 19. Bf4 Qf6 20. Rae1 Bd7 21. b3 b5 22. Rxe8 1/2-1/2

[Event "Ketrzyn op-A 11th"]
[Site "Ketrzyn"]
[Date "2008.12.30"]
[Round "8.5"]
[White "Gawronski, Miroslaw"]
[Black "Murawski, Wieslaw"]
[Result "0-1"]
[WhiteElo "2240"]
[BlackElo "2183"]
[PlyCount "114"]
[EventDate "2008.12.27"]
[EventType "swiss"]
[EventRounds "9"]
[EventCountry "POL"]
[SourceTitle "EXT 2023"]
[Source "ChessBase"]
[SourceDate "2022.10.05"]
[SourceVersion "1"]
[SourceVersionDate "2022.10.05"]
[SourceQuality "1"]

1. d4 Nf6 2. c4 g6 3. Nc3 Bg7 4. e4 d6 5. h3 0-0 6. Be3 c5 7. d5 Qa5 8. Qd2 a6 9. a4 b5 10. cxb5 axb5 11. Bxb5 Ba6 12. Bxa6 Nxa6 13. Nge2 Rfb8 14. f3 Qb4 15. Nb5 Nd7 16. Nec3 Ne5 17. Qc2 Qxb2 18. Qxb2 Nd3+ 19. Ke2 Nxb2 20. Rab1 Nc4 21. Kd3 Na5 22. f4 Nb4+ 23. Ke2 Nc4 24. Bf2 Nb6 25. e5 Nxa4 26. Rhc1 Nxc3+ 27. Nxc3 c4 28. Bd4 Nd3 29. Rxb8+ Rxb8 30. Rf1 dxe5 31. fxe5 Bxe5 32. Ke3 Rb2 33. g3 Rg2 34. Bxe5 Nxe5 35. Ne4 Ra2 36. Kd4 Nd7 37. Kxc4 Ra4+ 38. Kd3 Ne5+ 39. Ke3 Nc4+ 40. Ke2 Nb6 41. Nc3 Ra5 42. Rd1 Rc5 43. Rd3 Kf8 44. Rd2 Ke8 45. Rd4 Kd7 46. g4 Nc4 47. Kd3 Nd6 48. Rb4 Ra5 49. Rf4 Ra1 50. Ke3 Rh1 51. Rf3 f5 52. Kf4 fxg4 53. Kxg4 Nf5 54. Rd3 h5+ 55. Kf4 Rf1+ 56. Ke5 Re1+ 57. Ne4 Rg1 0-1

[Event "Ketrzyn op-A 11th"]
[Site "Ketrzyn"]
[Date "2008.12.27"]
[Round "2.4"]
[White "Szymczak, Zbigniew"]
[Black "Murawski, Wieslaw"]
[Result "1/2-1/2"]
[WhiteElo "2288"]
[BlackElo "2183"]
[PlyCount "102"]
[EventDate "2008.12.27"]
[EventType "swiss"]
[EventRounds "9"]
[EventCountry "POL"]
[SourceTitle "EXT 2023"]
[Source "ChessBase"]
[SourceDate "2022.10.05"]
[SourceVersion "1"]
[SourceVersionDate "2022.10.05"]
[SourceQuality "1"]

1. d4 Nf6 2. c4 g6 3. Nc3 Bg7 4. Bg5 d6 5. e3 h6 6. Bh4 0-0 7. Be2 c6 8. Nf3 Bf5 9. Nd2 Qb6 10. Nb3 g5 11. Bg3 Nbd7 12. h4 g4 13. f3 gxf3 14. Bxf3 a5 15. Qd2 a4 16. Nc1 e5 17. 0-0 Bg6 18. c5 Qc7 19. cxd6 Qxd6 20. Nd3 Rfe8 21. Rad1 Nh5 22. Bxh5 Bxh5 23. dxe5 Nxe5 24. Nxe5 Qxd2 25. Rxd2 Bxe5 26. Bxe5 Rxe5 27. Rf4 Rxe3 28. Nxa4 Bg6 29. a3 Rae8 30. Nc5 b5 31. Rf6 Re2 32. Rxe2 Rxe2 33. b4 Rc2 34. Rxc6 Be4 35. Rxh6 Rxg2+ 36. Kf1 Bd5 37. Rd6 Bf3 38. Rd3 Bc6 39. Nb3 Rh2 40. Nd4 Bd5 41. Rg3+ Kf8 42. Nxb5 Rxh4 43. Nc3 Bc4+ 44. Kf2 Ke7 45. Ke3 Kd6 46. Rg5 Be6 47. Ne4+ Kc6 48. Rc5+ Kb6 49. a4 f5 50. a5+ Ka7 51. Ng5 Re4+ 1/2-1/2

[Event "POL-chT 2nd League"]
[Site "Ustron"]
[Date "2008.09.14"]
[Round "9.15"]
[White "Murawski, Wieslaw"]
[Black "Zgadzaj, Rafal"]
[Result "1/2-1/2"]
[WhiteElo "2097"]
[BlackElo "2245"]
[PlyCount "111"]
[EventDate "2008.09.06"]
[EventType "team-swiss"]
[EventRounds "9"]
[EventCountry "POL"]
[SourceTitle "EXT 2015"]
[Source "ChessBase"]
[SourceDate "2014.11.20"]
[SourceVersion "1"]
[SourceVersionDate "2014.11.20"]
[SourceQuality "1"]
[WhiteTeam "Gdanski Drapol Jantar Pruszcz"]
[BlackTeam "Chroscice LZS Victoria"]
[WhiteTeamCountry "POL"]
[BlackTeamCountry "POL"]

1. e4 d6 2. d4 g6 3. Nc3 Nf6 4. Nf3 c6 5. a4 Bg7 6. Be2 0-0 7. h3 Qc7 8. 0-0 Nbd7 9. a5 Re8 10. Be3 e5 11. dxe5 Nxe5 12. Nxe5 dxe5 13. Bc4 Nh5 14. Ne2 Nf4 15. c3 Bf8 16. Qb3 Rd8 17. Rfd1 Nxe2+ 18. Bxe2 Be6 19. Bc4 Bxc4 20. Qxc4 Rxd1+ 21. Rxd1 Rd8 22. Rxd8 Qxd8 23. b4 a6 24. Kh2 h5 25. Qe2 c5 26. Qc4 cxb4 27. cxb4 Qd7 28. Bb6 Be7 29. Bc5 Qc7 30. Qd5 Bxc5 31. bxc5 Qxa5 32. Qxe5 Qd8 33. f4 f6 34. Qe6+ Kf8 35. e5 Qe7 36. Qc8+ Kg7 37. exf6+ Kxf6 38. c6 bxc6 39. Qxc6+ Qe6 40. Qc5 Kf7 41. Qc7+ Kf6 42. Qc5 Kg7 43. Qa7+ Kh6 44. Qd4 Kh7 45. Qa7+ Kg8 46. Qa8+ Kf7 47. Qa7+ Kg8 48. Qa8+ Kh7 49. Qa7+ Kh6 50. Qd4 g5 51. fxg5+ Kxg5 52. Qg7+ Kf4 53. Qd4+ Kg5 54. Qg7+ Qg6 55. Qe5+ Qf5 56. Qg7+ 1/2-1/2

[Event "POL-chT 2nd League"]
[Site "Ustron"]
[Date "2008.09.12"]
[Round "7.15"]
[White "Murawski, Wieslaw"]
[Black "Jaroch, Pawel"]
[Result "1/2-1/2"]
[WhiteElo "2097"]
[BlackElo "2255"]
[PlyCount "67"]
[EventDate "2008.09.06"]
[EventType "team-swiss"]
[EventRounds "9"]
[EventCountry "POL"]
[SourceTitle "EXT 2015"]
[Source "ChessBase"]
[SourceDate "2014.11.20"]
[SourceVersion "1"]
[SourceVersionDate "2014.11.20"]
[SourceQuality "1"]
[WhiteTeam "Gdanski Drapol Jantar Pruszcz"]
[BlackTeam "Bydgoszcz Centrum"]
[WhiteTeamCountry "POL"]
[BlackTeamCountry "POL"]

1. e4 e6 2. d4 d5 3. Nd2 dxe4 4. Nxe4 Bd7 5. Nf3 Bc6 6. Bd3 Nd7 7. Qe2 Ngf6 8. Ng3 Bxf3 9. Qxf3 c6 10. 0-0 Be7 11. c4 0-0 12. b3 c5 13. Bb2 cxd4 14. Bxd4 Qc7 15. Rad1 Rad8 16. Bb1 Rfe8 17. Bb2 Qb6 18. Ne2 Bf8 19. Nc3 a6 20. Qf4 e5 21. Qh4 g6 22. Bc1 Bg7 23. Bg5 Rc8 24. Rd3 Nf8 25. Rf3 N8d7 26. Rd1 Rc6 27. Rfd3 Nf8 28. Rf3 N8d7 29. Rh3 Nf8 30. Nd5 Nxd5 31. cxd5 Rd6 32. Be7 Bf6 33. Bxf6 Rxf6 34. Rd2 1/2-1/2

[Event "POL-chT 2nd League"]
[Site "Ustron"]
[Date "2008.09.06"]
[Round "1.27"]
[White "Murawski, Wieslaw"]
[Black "Olszewski, Marek"]
[Result "0-1"]
[WhiteElo "2097"]
[BlackElo "2151"]
[PlyCount "83"]
[EventDate "2008.09.06"]
[EventType "team-swiss"]
[EventRounds "9"]
[EventCountry "POL"]
[SourceTitle "EXT 2015"]
[Source "ChessBase"]
[SourceDate "2014.11.20"]
[SourceVersion "1"]
[SourceVersionDate "2014.11.20"]
[SourceQuality "1"]
[WhiteTeam "Gdanski Drapol Jantar Pruszcz"]
[BlackTeam "Bydgoszcz Chemik"]
[WhiteTeamCountry "POL"]
[BlackTeamCountry "POL"]

1. e4 Nc6 2. d4 d5 3. Nc3 Nf6 4. e5 Ng8 5. Nce2 f6 6. Nf4 g6 7. Nf3 Bg7 8. Bb5 a6 9. Bxc6+ bxc6 10. 0-0 Nh6 11. Re1 0-0 12. exf6 exf6 13. c4 g5 14. Nh5 Bg4 15. Nxg7 Kxg7 16. h3 Bf5 17. Be3 dxc4 18. Qc1 Nf7 19. Qxc4 Qd5 20. Qxd5 cxd5 21. Rac1 Rfc8 22. Bd2 a5 23. Rc5 c6 24. Rxa5 Rxa5 25. Bxa5 Ra8 26. b4 Kf8 27. Rc1 Bd7 28. Rc2 Nd6 29. Bb6 Kf7 30. Nd2 Ra4 31. Bc5 Ne4 32. Nxe4 dxe4 33. a3 Rxa3 34. b5 Ra1+ 35. Kh2 cxb5 36. d5 Ra8 37. d6 Ke6 38. Re2 Kd5 39. Bb4 f5 40. Rc2 Ra6 41. Rb2 f4 42. g3 0-1

[Event "Polanica Zdroj op-B 44th"]
[Site "Polanica Zdroj"]
[Date "2008.08.25"]
[Round "7"]
[White "Sowul, Bartosz"]
[Black "Murawski, Wieslaw"]
[Result "1-0"]
[WhiteElo "1985"]
[BlackElo "2097"]
[PlyCount "83"]
[EventDate "2008.08.19"]
[EventType "swiss"]
[EventRounds "10"]
[EventCountry "POL"]
[SourceTitle "CBM 126 Extra"]
[Source "ChessBase"]
[SourceDate "2008.11.05"]
[SourceVersion "1"]
[SourceVersionDate "2008.11.05"]
[SourceQuality "1"]

1. e4 e5 2. Nf3 Nc6 3. Bb5 a6 4. Ba4 Nf6 5. 0-0 Be7 6. Re1 b5 7. Bb3 d6 8. c3 0-0 9. d4 Bg4 10. d5 Na5 11. Bc2 c6 12. h3 Bxf3 13. Qxf3 cxd5 14. exd5 Rc8 15. Bf5 Rc7 16. Nd2 g6 17. Bb1 Nh5 18. a4 Nc4 19. axb5 axb5 20. Nxc4 bxc4 21. Bh6 Ng7 22. Ra4 Qd7 23. Rb4 Ra8 24. Qe2 Ra4 25. Rb6 f5 26. Bc1 Ra1 27. Bc2 Qc8 28. Rd1 Ra5 29. Rb4 Qa6 30. Kh2 Ne8 31. Be3 Rc8 32. f4 Bf6 33. g4 e4 34. gxf5 gxf5 35. Rg1+ Kf8 36. Qh5 Rxd5 37. Qxh7 Ng7 38. Rg6 Kf7 39. Qh6 Ne8 40. Ba4 Rd3 41. Bxe8+ Rxe8 42. Qh7+ 1-0

[Event "Polanica Zdroj op-B 44th"]
[Site "Polanica Zdroj"]
[Date "2008.08.20"]
[Round "2"]
[White "Borowicz, Przemyslaw"]
[Black "Murawski, Wieslaw"]
[Result "0-1"]
[WhiteElo "1957"]
[BlackElo "2097"]
[PlyCount "44"]
[EventDate "2008.08.19"]
[EventType "swiss"]
[EventRounds "10"]
[EventCountry "POL"]
[SourceTitle "CBM 126 Extra"]
[Source "ChessBase"]
[SourceDate "2008.11.05"]
[SourceVersion "1"]
[SourceVersionDate "2008.11.05"]
[SourceQuality "1"]

1. d4 Nf6 2. Bg5 c5 3. e3 Qb6 4. b3 Ne4 5. Bf4 Qb4+ 6. Nd2 cxd4 7. exd4 Nc3 8. Qh5 Nc6 9. Ngf3 g6 10. Qc5 e5 11. a3 Qxc5 12. dxc5 exf4 13. b4 Bg7 14. Bc4 0-0 15. 0-0 a5 16. b5 Nd4 17. Nxd4 Bxd4 18. Nb3 Bf6 19. Rae1 a4 20. Nd2 Bd4 21. Nf3 Bxc5 22. Ne5 d5 0-1

[Event "Kowalewo Pomorskie op"]
[Site "Kowalewo Pomorskie"]
[Date "2008.07.08"]
[Round "6"]
[White "Murawski, Wieslaw"]
[Black "Jaroch, Karol"]
[Result "1-0"]
[WhiteElo "2097"]
[BlackElo "2158"]
[PlyCount "61"]
[EventDate "2008.07.04"]
[EventType "swiss"]
[EventRounds "9"]
[EventCountry "POL"]
[SourceTitle "CBM 125 Extra"]
[Source "ChessBase"]
[SourceDate "2008.09.01"]
[SourceVersion "1"]
[SourceVersionDate "2008.09.01"]
[SourceQuality "1"]

1. e4 d5 2. exd5 Qxd5 3. Nc3 Qd6 4. d4 a6 5. Nf3 Nf6 6. Be3 Nc6 7. Qd2 Bg4 8. Ng5 e5 9. Bc4 Bh5 10. d5 Ne7 11. 0-0 Rd8 12. Nge4 Qb4 13. Nxf6+ gxf6 14. Ne4 Ng8 15. Qxb4 Bxb4 16. f4 b5 17. Bb3 Be2 18. Rf2 Bc4 19. Bxc4 bxc4 20. fxe5 fxe5 21. Raf1 Rd7 22. c3 Bf8 23. b3 cxb3 24. axb3 Rxd5 25. Rxf7 Be7 26. Bg5 Rd3 27. R7f3 Rd5 28. Bxe7 Kxe7 29. Rf7+ Kd8 30. Rf8+ Kd7 31. Rxg8 1-0

[Event "Wroclaw Polonia op 3rd"]
[Site "Wroclaw"]
[Date "2008.06.25"]
[Round "7"]
[White "Ni, Viktorija"]
[Black "Murawski, Wieslaw"]
[Result "0-1"]
[WhiteElo "2132"]
[BlackElo "2135"]
[PlyCount "68"]
[EventDate "2008.06.21"]
[EventType "swiss"]
[EventRounds "9"]
[EventCountry "POL"]
[SourceTitle "CBM 125 Extra"]
[Source "ChessBase"]
[SourceDate "2008.09.01"]
[SourceVersion "1"]
[SourceVersionDate "2008.09.01"]
[SourceQuality "1"]

1. d4 Nf6 2. c4 g6 3. Nc3 Bg7 4. e4 d6 5. h3 0-0 6. Nf3 e5 7. d5 Nbd7 8. Bg5 h6 9. Be3 a5 10. Be2 b6 11. a3 Nc5 12. Nd2 Bd7 13. b4 Nb7 14. Nb3 Ne8 15. c5 bxc5 16. bxc5 Nxc5 17. Nxc5 dxc5 18. Na4 Nd6 19. Nxc5 f5 20. 0-0 Bc8 21. Bf3 Qe7 22. Rc1 Kh7 23. Ne6 Bxe6 24. dxe6 f4 25. Bd2 Qxe6 26. Rxc7 Nb5 27. Bg4 Qb6 28. Re7 Nd4 29. Qb1 Qf6 30. Qb7 h5 31. Bxf4 Rae8 32. Rxe8 Rxe8 33. Bd7 Re7 34. Bd2 Qd6 0-1

[Event "Wroclaw Polonia op 3rd"]
[Site "Wroclaw"]
[Date "2008.06.22"]
[Round "2"]
[White "Zawadzka, Jolanta"]
[Black "Murawski, Wieslaw"]
[Result "1-0"]
[WhiteElo "2410"]
[BlackElo "2135"]
[PlyCount "81"]
[EventDate "2008.06.21"]
[EventType "swiss"]
[EventRounds "9"]
[EventCountry "POL"]
[SourceTitle "CBM 125 Extra"]
[Source "ChessBase"]
[SourceDate "2008.09.01"]
[SourceVersion "1"]
[SourceVersionDate "2008.09.01"]
[SourceQuality "1"]

1. e4 e5 2. Nf3 Nc6 3. Bb5 a6 4. Ba4 Nf6 5. 0-0 Be7 6. Re1 b5 7. Bb3 d6 8. c3 0-0 9. h3 Nd7 10. d4 Bf6 11. a4 Bb7 12. Na3 Nb6 13. d5 Ne7 14. axb5 axb5 15. Be3 Qd7 16. Qe2 Ba6 17. Nc2 Ng6 18. Nb4 Bb7 19. Nd2 Nf4 20. Bxf4 exf4 21. Bc2 Rfe8 22. Rxa8 Bxa8 23. Qd3 g6 24. Ra1 Bb7 25. Bd1 Rb8 26. Ra5 Ra8 27. Rxa8+ Bxa8 28. Bg4 Qe8 29. Na6 Bd8 30. Be2 f5 31. exf5 Bxd5 32. fxg6 Qxg6 33. Qxg6+ hxg6 34. Bxb5 c6 35. Bd3 Kg7 36. Nb4 Na4 37. Be4 Nxb2 38. Bxd5 cxd5 39. Nxd5 Na4 40. Nxf4 Ba5 41. Ne4 1-0

[Event "POL-ch U18"]
[Site "Leba"]
[Date "2008.04.06"]
[Round "11"]
[White "Murawski, Wieslaw"]
[Black "Pietocha, Pawel"]
[Result "0-1"]
[WhiteElo "2135"]
[BlackElo "2025"]
[PlyCount "70"]
[EventDate "2008.03.29"]
[EventType "swiss"]
[EventRounds "11"]
[EventCountry "POL"]
[SourceTitle "CBM 123 Extra"]
[Source "ChessBase"]
[SourceDate "2008.05.06"]
[SourceVersion "1"]
[SourceVersionDate "2008.05.06"]
[SourceQuality "1"]

1. e4 g6 2. d4 Bg7 3. Nf3 d6 4. Nc3 Nf6 5. h3 0-0 6. Be3 c6 7. a4 Qc7 8. a5 Nbd7 9. Be2 e5 10. dxe5 Nxe5 11. Nxe5 dxe5 12. Bc4 Qe7 13. 0-0 Be6 14. Qe2 Nd7 15. Rfd1 f5 16. f3 b5 17. Bxe6+ Qxe6 18. b4 Rfd8 19. Rab1 Bf8 20. exf5 gxf5 21. f4 Bd6 22. Qf2 a6 23. fxe5 Qxe5 24. Ne2 Qh2+ 25. Kf1 f4 26. Rxd6 fxe3 27. Qg3+ Qxg3 28. Nxg3 Rf8+ 29. Ke2 Ne5 30. Rf1 Nc4 31. Rxc6 Rxf1 32. Nxf1 Rf8 33. Nxe3 Re8 34. Rxc4 bxc4 35. Kd2 Re4 0-1

[Event "POL-ch U18"]
[Site "Leba"]
[Date "2008.03.31"]
[Round "3"]
[White "Murawski, Wieslaw"]
[Black "Lach, Piotr"]
[Result "1/2-1/2"]
[WhiteElo "2135"]
[BlackElo "2079"]
[PlyCount "74"]
[EventDate "2008.03.29"]
[EventType "swiss"]
[EventRounds "11"]
[EventCountry "POL"]
[SourceTitle "CBM 123 Extra"]
[Source "ChessBase"]
[SourceDate "2008.05.06"]
[SourceVersion "1"]
[SourceVersionDate "2008.05.06"]
[SourceQuality "1"]

1. e4 c5 2. Nf3 d6 3. d4 cxd4 4. Nxd4 Nf6 5. Nc3 a6 6. Bg5 e6 7. f4 h6 8. Bxf6 Qxf6 9. Qd2 g5 10. f5 Bg7 11. 0-0-0 0-0 12. fxe6 fxe6 13. Bc4 b5 14. Bb3 Ra7 15. Nf5 Rd7 16. h4 g4 17. Qe2 h5 18. Rhf1 Qe5 19. Nxg7 Kxg7 20. Rxf8 Kxf8 21. Qf2+ Ke8 22. Rf1 Re7 23. Qf8+ Kd7 24. Qg8 Nc6 25. Rf8 Bb7 26. Qh8 Qxh8 27. Rxh8 Nd4 28. Rxh5 b4 29. Ba4+ Kc7 30. Nd1 Bxe4 31. Rg5 Bf5 32. Ne3 Rh7 33. h5 Ne2+ 34. Kd2 Ng3 35. Rg8 Ne4+ 36. Ke2 Nf6 37. Rg5 Ne4 1/2-1/2

[Event "POL-ch U18"]
[Site "Leba"]
[Date "2008.03.30"]
[Round "2"]
[White "Zadlo, Tomasz"]
[Black "Murawski, Wieslaw"]
[Result "0-1"]
[WhiteElo "2025"]
[BlackElo "2135"]
[PlyCount "88"]
[EventDate "2008.03.29"]
[EventType "swiss"]
[EventRounds "11"]
[EventCountry "POL"]
[SourceTitle "CBM 123 Extra"]
[Source "ChessBase"]
[SourceDate "2008.05.06"]
[SourceVersion "1"]
[SourceVersionDate "2008.05.06"]
[SourceQuality "1"]

1. e4 e5 2. Nf3 Nc6 3. d4 exd4 4. Nxd4 Nf6 5. Nc3 Bb4 6. Nxc6 bxc6 7. Bd3 d5 8. exd5 cxd5 9. 0-0 0-0 10. Bg5 c6 11. Qf3 Be7 12. Rae1 Be6 13. h3 h6 14. Bh4 Rb8 15. Nd1 Qd7 16. Re2 Rfe8 17. Rfe1 Rb4 18. Bg3 c5 19. c3 Rb6 20. Ne3 c4 21. Bf5 Bc5 22. Bxe6 Rbxe6 23. Nc2 Ne4 24. Nd4 Bxd4 25. cxd4 Qa4 26. a3 Nd2 27. Rxd2 Rxe1+ 28. Kh2 Qc6 29. Be5 f6 30. Bf4 Qe6 31. Qg3 Kh7 32. Be3 Qf5 33. Qc7 Qb1 34. Qd7 Rh1+ 35. Kg3 Qg6+ 36. Qg4 Qxg4+ 37. hxg4 Rb1 38. Rc2 Rb8 39. Bc1 Re8 40. Be3 Kg6 41. Kf4 a5 42. Kf3 Rb8 43. Bc1 a4 44. Kf4 Rxc1 0-1